<?xml version="1.0" encoding="UTF-8"?><?xml-stylesheet type="text/xsl" href="static/style.xsl"?><OAI-PMH xmlns="http://www.openarchives.org/OAI/2.0/" xmlns:xsi="http://www.w3.org/2001/XMLSchema-instance" xsi:schemaLocation="http://www.openarchives.org/OAI/2.0/ http://www.openarchives.org/OAI/2.0/OAI-PMH.xsd"><responseDate>2026-06-29T02:29:26Z</responseDate><request verb="GetRecord" identifier="oai:docta.ucm.es:20.500.14352/104661" metadataPrefix="marc">https://docta.ucm.es/rest/oai/request</request><GetRecord><record><header><identifier>oai:docta.ucm.es:20.500.14352/104661</identifier><datestamp>2025-09-02T12:16:05Z</datestamp><setSpec>com_20.500.14352_14</setSpec><setSpec>col_20.500.14352_15</setSpec></header><metadata><record xmlns="http://www.loc.gov/MARC21/slim" xmlns:dcterms="http://purl.org/dc/terms/" xmlns:xsi="http://www.w3.org/2001/XMLSchema-instance" xmlns:doc="http://www.lyncode.com/xoai" xsi:schemaLocation="http://www.loc.gov/MARC21/slim http://www.loc.gov/standards/marcxml/schema/MARC21slim.xsd">
   <leader>00925njm 22002777a 4500</leader>
   <datafield ind2=" " ind1=" " tag="042">
      <subfield code="a">dc</subfield>
   </datafield>
   <datafield ind2=" " ind1=" " tag="720">
      <subfield code="a">Gainza, Javier</subfield>
      <subfield code="e">author</subfield>
   </datafield>
   <datafield ind2=" " ind1=" " tag="720">
      <subfield code="a">Lopez, Carlos A.</subfield>
      <subfield code="e">author</subfield>
   </datafield>
   <datafield ind2=" " ind1=" " tag="720">
      <subfield code="a">Serrano Sanchez, Federico</subfield>
      <subfield code="e">author</subfield>
   </datafield>
   <datafield ind2=" " ind1=" " tag="720">
      <subfield code="a">Rodrigues, João Elias F. S.</subfield>
      <subfield code="e">author</subfield>
   </datafield>
   <datafield ind2=" " ind1=" " tag="720">
      <subfield code="a">Rosa, Angelika D.</subfield>
      <subfield code="e">author</subfield>
   </datafield>
   <datafield ind2=" " ind1=" " tag="720">
      <subfield code="a">Sobrados, Maria Isabel</subfield>
      <subfield code="e">author</subfield>
   </datafield>
   <datafield ind2=" " ind1=" " tag="720">
      <subfield code="a">Nemes, Norbert Marcel</subfield>
      <subfield code="e">author</subfield>
   </datafield>
   <datafield ind2=" " ind1=" " tag="720">
      <subfield code="a">Biskup Zaja, Nevenko</subfield>
      <subfield code="e">author</subfield>
   </datafield>
   <datafield ind2=" " ind1=" " tag="720">
      <subfield code="a">Fernández-Díaz, María Teresa</subfield>
      <subfield code="e">author</subfield>
   </datafield>
   <datafield ind2=" " ind1=" " tag="720">
      <subfield code="a">Martinez, Jose Luis</subfield>
      <subfield code="e">author</subfield>
   </datafield>
   <datafield ind2=" " ind1=" " tag="720">
      <subfield code="a">Alonso, Jose Antonio</subfield>
      <subfield code="e">author</subfield>
   </datafield>
   <datafield ind2=" " ind1=" " tag="260">
      <subfield code="c">2023</subfield>
   </datafield>
   <datafield ind2=" " ind1=" " tag="520">
      <subfield code="a">Since superconductivity was first reported in nickelate thin films, many studies have been published about this family of materials, and different hypotheses have been proposed for explaining the mechanisms and structural dependence. Here, we report the synthesis of anchored infinite-layer LaNi0.9Al0.1O2.1 and its hole-doped derivatives by topotactic reduction from La1_xSrxNi0.9Al0.1O3 rhombohedral perovskites. LaNiO2 derivatives constitute a new family of high -temperature superconductors, with the same structure as high-Tc cuprates but based on nickel, only showing superconductivity in thin films for now. We describe a strategy to stabilize LaNiO2 derivatives in bulk: the presence of Al at the octahedral sites helps to stabilize/anchor the infinite-layer structure. The reasons for the bulk being non -superconductors are hotly debated in the literature. An important question is whether there is some hydrogen incorporated into the structure during the reduction process from LaNiO3 to LaNiO2, predicted theoretically but not reported experimentally. Our neutron powder diffraction data show that, indeed, hydrogen occupies the centers of the Ni- O squares, and spectroscopic evidence from EELS and XAS suggests that Ni is reduced to the Ni+ oxidation state, consistent with the crystallochemical data.</subfield>
   </datafield>
   <datafield ind1="8" ind2=" " tag="024">
      <subfield code="a">Gainza, J., López, C. A., Serrano-Sánchez, F., Rodrigues, J. E. F., Rosa, A. D., Sobrados, M. I., ... &amp; Alonso, J. A. (2023). Evidence of hydrogen content and monovalent Ni oxidation state in non-superconducting bulk anchored infinite-layer nickelates. Cell Reports Physical Science, 4(12).</subfield>
   </datafield>
   <datafield ind1="8" ind2=" " tag="024">
      <subfield code="a">10.1016/j.xcrp.2023.101724</subfield>
   </datafield>
   <datafield ind1="8" ind2=" " tag="024">
      <subfield code="a">https://hdl.handle.net/20.500.14352/104661</subfield>
   </datafield>
   <datafield ind1="8" ind2=" " tag="024">
      <subfield code="a">2666-3864</subfield>
   </datafield>
   <datafield ind1="8" ind2=" " tag="024">
      <subfield code="a">https://doi.org/10.1016/j.xcrp.2023.101724</subfield>
   </datafield>
   <datafield ind1="8" ind2=" " tag="024">
      <subfield code="a">https://www.sciencedirect.com/science/article/pii/S2666386423005696?via%3Dihub</subfield>
   </datafield>
   <datafield ind2="0" ind1="0" tag="245">
      <subfield code="a">Evidence of hydrogen content and monovalent Ni oxidation state in non-superconducting bulk anchored infinite-layer nickelates</subfield>
   </datafield>
</record></metadata></record></GetRecord></OAI-PMH>